00424nam a22001577a 4500003000400000020001800004082001900022100001700041245005700058250000800115260005400123300000800177650002400185653003500209700002200244SGT a9788192060491 a617.6342bC17R aRaghu, Ramya aClinical Operative Dentistry bPrinciples & Practice a2nd aKarnataka, IndiabEMMESS Medical Publishersc2017 a504 aOperative Dentistry aOperative Dentistry; dentistry aSrinivasan, Raghu